000 01188nam a2200157Ia 4500
005 20260209120125.0
008 260209s9999||||xx |||||||||||||| ||und||
100 _aKirtikant Ka Viju
245 0 _aArbitration in construction industry
260 _aBangaloreBangalore
_bNLSIU
_c2008
300 _a109 p. ; 25 cm.
505 _a-Contents- INTRODUCTION; Chapter-I; I. Arbitration- Conceptual Analysis; II. Scope & Evolution as a means of dispute settlement; Chapter-II; I. Arbitration Agreement; II. Procedure of Arbitration; III. How it is conducted?; IV. Arbitral Award; V. Ad-hoc viz-a viz Institutional Arbitration; Chapter – III; I. Construction Industry- Special Features; II. Specific Issues in Construction Industry; III. Prospects of arbitration in construction industry; Chapter-IV I. Indian Construction Industry; II. Arbitration in Construction Industry in India; III. Hurdles in the Arbitration process; Chapter- V; I. Suggestions; CONCLUSION; BIBLIOGRAPHY.
650 _aArbitration - Dispute Settlement, Construction Industry - India,
700 _aProf. (Dr.) V Nagaraj - GuideProf. (Dr.) V Nagaraj - Guide
856 _uhttps://dans.nls.ac.in/handle/123456789/2046
999 _c216836
_d216836